000 00514nam a2200181Ia 4500
005 20250508161956.0
008 008 250505s9999 xx 000 0 eng d
037 _aTextual
040 _aFEDL
_beng
_cFEDL
041 _aeng
_2eng
084 _a574.5, KUM
_qFEDL
100 _aH D Kumar
_9298787
245 0 _aModern concepts of ecology
260 _aNew Delhi, India
_bVikas Publishing House Private Limited
_c1979
300 _a201p.
942 _cTEXL
_h574.5, KUM
999 _c1373610
_d1373610